[Event "Mumbai Wealth op U13"]
[Site "Mumbai"]
[Date "2016.02.04"]
[Round "8"]
[White "Kadakia, Veer"]
[Black "Shetty, Vihaan"]
[Result "0-1"]
[WhiteElo "1368"]
[BlackElo "1190"]
[PlyCount "62"]
[EventDate "2016.01.28"]
[EventType "swiss"]
[EventRounds "9"]
[EventCountry "IND"]
[SourceTitle "CBM 170 Extra"]
[Source "ChessBase"]
[SourceDate "2016.02.25"]
[SourceVersion "1"]
[SourceVersionDate "2016.02.25"]
[SourceQuality "1"]

1. e4 c5 2. Nf3 d6 3. d4 cxd4 4. Nxd4 Nf6 5. Nc3 Nc6 6. Be3 e6 7. f3 Be7 8. Qd2 a6 9. 0-0-0 Bd7 10. g4 h6 11. h4 Qc7 12. Bg2 0-0-0 13. g5 hxg5 14. hxg5 Nh7 15. f4 Rdg8 16. Rh2 Nf8 17. Rdh1 Ng6 18. f5 Rxh2 19. Rxh2 Nge5 20. fxe6 fxe6 21. Nb3 Nc4 22. Qe2 N6e5 23. Kb1 Nxe3 24. Qxe3 Ng4 25. Qh3 Nxh2 26. Qxh2 Bxg5 27. Qh7 Qd8 28. a3 Bf6 29. Na2 g6 30. Qh1 Rh8 31. Qd1 Be5 0-1